000 00999nam a2200277Ia 4500
003 OSt
005 20221005111249.0
006 a|||||r|||| 00| 0
007 ta
008 221004b |||||||| |||| 00| 0 hin d
020 _a9789387889262 (hbk)
_cINR 325.00
024 _a43296
037 _bGV/792, 21/02/2019, Vani Prakashan
_cTextual
040 _aCRL
_cCRL
_bhin
041 _2hin
_ahin
082 _aO152,3N11w, Q8
100 _aमिश्र, अविनाश, ले.
245 0 _aनये शेखर की जीवनी
246 _aNaye shekhar kī jīvanī
260 _aनई दिल्ली
_bवाणी प्रकाशन भारत
_c2018
300 _a158पृ0
_ccm.
650 _a हिन्दी साहित्य
650 _aहिन्दी कहानी
942 _hO152,3N11w, Q8
_cTEXL
_2cc
999 _c1021299
_d1021299